书目信息 |
| 书名: | Best reference books, 1970-1980 | |
| 作者: | edited by Susan Holte and Bohdan S. Wynar. | |
| 分册号: | ||
| 分册名: | 出版地: | Littleton, Colo. : |
|
| 出版社: | Libraries Unlimited | |
| 出版时间: | 1981. | |
| 页数: | xxiv, 480 p. ; | |
| 开本: | 25 cm. | |
| 丛书名: | ||
| 中图分类号: | ||
| 科图分类号: | ||
| 其他分类号: | Z836 | |
| 主题词: | ||
| 电子资源: | ||
| 000 | 00922cam 2200265 a 4504 | |
| 001 | E0761524073 | |
| 005 | 20070720093029.39 | |
| 008 | 031121s1981 cou b 001 0 eng | |
| 010 | @a81005788 //r86 | |
| 020 | @a0872872556 :@cCNY3.20. | |
| 050 | 00 | @aZ1035.1@b.B534 |
| 090 | @aZ114/W14 | |
| 090 | @aZ836 | |
| 099 | @dZ836@ex4:(70-80) | |
| 245 | 00 | @aBest reference books, 1970-1980 :@btitles of lasting value selected from American reference books annual / @cedited by Susan Holte and Bohdan S. Wynar. |
| 260 | @aLittleton, Colo. :@bLibraries Unlimited,@c1981. | |
| 300 | @axxiv, 480 p. ;@c25 cm. | |
| 500 | @aIncludes index. | |
| 650 | 0 | @aReference books@xBibliography. |
| 650 | 0 | @aReference books@xReviews. |
| 650 | 0 | @aBest books@xReference books. |
| 700 | 1 | @aHolte, Susan,@d1947- |
| 700 | 1 | @aWynar, Bohdan S. |
| 730 | 0 | @aAmerican reference books annual. |
| 920 | @a232010@z2 | |
| Best reference books, 1970-1980 : : titles of lasting value selected from American reference books annual / / edited by Susan Holte and Bohdan S. Wynar.-Littleton, Colo. : : Libraries Unlimited, , 1981. |
| xxiv, 480 p. ; ; 25 cm. |
| Includes index. |
| ISBN 0872872556 :CNY3.20. |
| ● |
| 相关链接 |
|
|
|
|
正题名:Best reference books, 1970-1980
索取号:Z836/x4:(70-80)
 
预约/预借
| 序号 | 登录号 | 条形码 | 馆藏地/架位号 | 状态 | 备注 |
| 1 | 102271 | 001170798 | 第四借阅区/ [索取号:Z836/x4:(70-80)] | 在馆 | |
| 2 | 102272 | 001170789 | 第四借阅区/ [索取号:Z836/x4:(70-80)] | 在馆 |